00860nam a2200217 a 450000100100000000500170001000800410002702000180006804000130008608200160009910000380011524500390015326000480019230000210024050000620026158600470032365000260037095201130039695201180050999900150062700000175220200929145703.0090626s2007 cu 000 0 spa d a9789592602045 aDO-SdBNP a792.bS768p1 aSpregelburd, Rafael,d1970-9569713aLa paranoia /cRafael Spregelburd. aLa Habana :bCasa de las Américas,c2007. a148 p. ;c20 cm. aIncluye datos biográficos del autor en la contraportada aPremio Casa de la Américas, teatro, 2007 4aObra de teatro.95698 001050718MOaGRbGRcCTd2009-06-26iLF1l0o792. S768pp1752-10r2020-06-25w2020-06-25y1ZNo se presta 001050718MOaGRbGRcCTd2009-06-26iLF1l0o792. S768pp1752-20r2020-06-25te.2w2020-06-25y1ZNo se presta c1629d1629